| 000 | 00351nam a2200133Ia 4500 | ||
|---|---|---|---|
| 008 | 231217s9999 xx 000 0 und d | ||
| 041 | _aEnglish | ||
| 082 | _a519.2 PAP | ||
| 100 | _aPapoulis, Athanasios | ||
| 245 | 0 | _aProbability, random variables, and stochastic processes | |
| 260 |
_c1965 _bTokyo: McGraw-Hill, |
||
| 300 | _a583 | ||
| 942 | _cAA | ||
| 999 |
_c169885 _d169885 |
||